| 000 | 00741nam a22002177a 4500 | ||
|---|---|---|---|
| 003 | OSt | ||
| 005 | 20220915211903.0 | ||
| 008 | 220915b |||||||| |||| 00| 0 eng d | ||
| 020 | _a978-90-76162-14-0 | ||
| 040 | _cBiblioteca Lado V | ||
| 082 |
_a704.942 _bB892c |
||
| 100 |
_aBruin-Derakhshani, Fariba de _eEditora |
||
| 245 |
_aCulture and the Human Body/ _bPrince Claus Awards 2008/ |
||
| 260 |
_aAmsterdam _bPrince Claus Fund _c2008 |
||
| 300 |
_a151p. _c17x23cm |
||
| 650 |
_2Tesauro de Arte & Arquitectura _aFOTOGRAFIA |
||
| 650 |
_2Tesauro de Arte & Arquitectura _aCUERPO HUMANO |
||
| 650 |
_2Tesauro de Arte & Arquitectura _aARTE |
||
| 700 |
_aMurray, Barbara _eEditora |
||
| 942 |
_2ddc _c1 _h704.942 _iB892c _n0 |
||
| 999 |
_c2045 _d2045 |
||